Enfermedad mental y delito: aspectos psiquiátricos, penales y procesales
Enregistré dans:
| Auteurs principaux: | , , |
|---|---|
| Format: | Livre |
| Langue: | espagnol |
| Publié: |
Madrid
Civitas S. A
1987
|
| Édition: | 1a. ed |
| Sujets: | |
| Tags: |
Ajouter un tag
Pas de tags, Soyez le premier à ajouter un tag!
|
MARC
| LEADER | 00000cam a2200000 a 4500 | ||
|---|---|---|---|
| 001 | UCC4784 | ||
| 003 | CL-VaPUC | ||
| 008 | 180824e19870000sp |||||||||||||||||spa|d | ||
| 020 | |a 8473985370 | ||
| 082 | 0 | 4 | |a 616.89 |b CAR |2 21 |
| 100 | 0 | |a Carbonell Mateu, Juan-Carlos |e author |9 598976 | |
| 700 | |a Gómez Colomer, Juan-Luis |e author |9 598977 | ||
| 700 | 0 | |a Mengual i Lull, Joan B |e author |9 598978 | |
| 245 | 1 | 0 | |a Enfermedad mental y delito: aspectos psiquiátricos, penales y procesales |
| 250 | |a 1a. ed | ||
| 300 | |a 336 p | ||
| 942 | |c BK | ||
| 945 | |d 20180824 13:39:00 |a dcastane | ||
| 260 | |a Madrid |b Civitas S. A |c 1987 | ||
| 650 | 0 | |a Salud mental |9 308393 | |
| 650 | 0 | |a Psicopatología |9 307473 | |
| 650 | 7 | |a DERECHO PENAL |2 CL-VaPUC |9 11 | |
| 583 | |a last modification |c 20180824 13:39:00 |k Rodrigo Vera | ||
| 999 | |c 372193 |d 372191 | ||
| 952 | |0 0 |1 0 |3 erb |4 0 |6 616_890000000000000_CAR_1987 |7 0 |8 A |9 489475 |a BIBDER |b BIBDER |e Mateluna Arestizabal, Alfredo Sergio |i 5489660 |o 616.89 CAR 1987 |p 5489660 |r 2023-01-25 |w 2019-11-24 |y BK |z Catalogado en:20180824 |k DER | ||